Die größten Städte in Asien - Statistiken

Allgemein
  • Dieses Quiz wurde 63 mal gespielt
  • Das Durchschnittsergebnis liegt bei 8 aus 10
Antwortstatistiken
Land Stadt % Korrekt
Japan Tokio
100%
Türkei Istanbul
95%
China Peking
93%
Indien Neu Delhi
88%
Indien Mumbai
86%
China Shanghai
86%
Japan Osaka
76%
Bangladesch Dhaka
67%
Pakistan Karatschi
47%
China Chongqing
31%
Keine übereinstimmenden Quizze gefunden
Verteilung der Resultate
Anzahl Personen mit jedem Resultat
Perzentil nach korrekt beantworteten Fragen
Ihre Resultats-Entwicklung
Sie haben dieses Quiz noch nicht gespielt